LDR 00607naa#a2200181#i#450# 001 EN\RIOR\bibl\126273 005 20260629141426.1 011 ## _a2409-6024 100 ## _a20260530b2026####ek#y0engy0150####ca 102 ## _aRU 200 1# _aTOOLKIT FOR STRUCTURING INCLUSIVE SERVICES IN THE HOSPITALITY INDUSTRY _eJournal article 210 1# _aMoscow _cPublishing Center RIOR _d2026 215 ## _a10 с. 608 ## _aJournal article _2local 675 ## _aТеория оказания социальной помощи. 364.01 _z 700 #1 _aGlinskaya _gOl'ga Sergeevna 700 #1 _aGribovskaya _gOlga Sergeevna 856 4# _ariorpub.com _u